书目信息 |
| 书名: | Blood Brother | |
| 作者: | Jack Kerley | |
| 分册号: | ||
| 分册名: | 出版地: | Great Britain |
|
| 出版社: | Harper | |
| 出版时间: | 2008 | |
| 页数: | 436p | |
| 开本: | 16cm | |
| 丛书名: | ||
| 中图分类号: | ||
| 科图分类号: | ||
| 其他分类号: | I561.4 | |
| 主题词: | ||
| 电子资源: | ||
| 000 | 00374nam0 2200145 450 | |
| 001 | 202012003245 | |
| 005 | 20121203171542.0 | |
| 008 | 12120301s | |
| 020 | @a9780007269075@c£6.99 | |
| 099 | @dI561.4@eJ122 | |
| 245 | 10 | @aBlood Brother@cJack Kerley |
| 260 | 0 | @aGreat Britain@bHarper@c2008 |
| 300 | @a436p@c16cm | |
| 905 | @b14541-2 | |
| 905 | @aTSG@dI561.4@eJ122 | |
| Blood Brother / Jack Kerley.-Great Britain : Harper , 2008 |
| 436p ; 16cm |
| ISBN 9780007269075£6.99 |
| ● |
| 相关链接 |
|
|
|
正题名:Blood Brother
索取号:I561.4/J122
 
预约/预借
| 序号 | 登录号 | 条形码 | 馆藏地/架位号 | 状态 | 备注 |
| 1 | 14541 | 300145411 | 文学库116/400A自科库 16排2列4层/ [索取号:I561.4/J122] | 在馆 | |
| 2 | 14542 | 300145420 | 文学库116/400A自科库 16排2列4层/ [索取号:I561.4/J122] | 在馆 |